000 00456nam a2200181Ia 4500
008 230711s9999||||xx |||||||||||||| ||und||
020 _a978-0-521-18192-1
041 _aENG
082 _a621.384
_bWI-D
100 _aWilton,Andy.
245 0 _aDeploying wireless networks
250 _a1st Ed.
260 _c2008
_aNew Delhi
_bCambridge University Press
300 _a360p.
650 _aElectronics Engineering
700 _aCharity,Tim
942 _cBK
999 _c6321
_d6321